header

Solution processing of inorganic materials (Record no. 20850)

MARC details
000 -LEADER
fixed length control field 01412nam a2200385 a 4500
082 04 - DEWEY DECIMAL CLASSIFICATION NUMBER
Classification number 621.381
245 00 - TITLE STATEMENT
Title Solution processing of inorganic materials
260 ## - PUBLICATION, DISTRIBUTION, ETC. (IMPRINT)
Place of publication Hoboken, N.J. :
Name of publisher Wiley,
Year of publication c2009.
300 ## - PHYSICAL DESCRIPTION
Number of Pages xviii, 497 p., [4] p. of plates :
Other physical details ill. (some col.).
650 #0 - SUBJECT ADDED ENTRY--TOPICAL TERM
Topical Term Inorganic compounds.
Topical Term Materials.
Topical Term Solid state chemistry.
Topical Term Solution (Chemistry)
700 1# - ADDED ENTRY--PERSONAL NAME
Personal name Mitzi, David B.
856 40 - ELECTRONIC LOCATION AND ACCESS
Uniform Resource Identifier http://site.ebrary.com/lib/rucke/Doc?id=10275743

No items available.

© 2026 Rongo University
Contact us: librarian | system librarian | Rongo university